Hodnotenie efektívnosti verejných projektov prostredníctvom CBA analýzy

Efektívnost verejných programov a projektov. História CBA. Teoretické východiská CBA analýzy. Problémy praktického uplatnenia CBA analýza pri verejných projektoch. Uplatnenie CBA analýzy pri hodnotení velkých projektov v rámci politiky súdržnosti EÚ.

Na minha lista:
Detalhes bibliográficos
Autor principal: Výrostová, Eva
Formato: Capítulo de Livro
Idioma:eslovaco
Assuntos:
Tags: Adicionar Tag
Sem tags, seja o primeiro a adicionar uma tag!

MARC

LEADER 00000nla$a2200000$$$4500
001 0145383
005 20221103133945.5
041 0 |a slo 
044 |a SK 
245 1 0 |a Hodnotenie efektívnosti verejných projektov prostredníctvom CBA analýzy  |c Eva Výrostová 
520 |a Efektívnost verejných programov a projektov. História CBA. Teoretické východiská CBA analýzy. Problémy praktického uplatnenia CBA analýza pri verejných projektoch. Uplatnenie CBA analýzy pri hodnotení velkých projektov v rámci politiky súdržnosti EÚ. 
610 2 0 |a analýza nákladov 
610 2 0 |a efektívnosť ekonomická 
610 2 0 |a projekty 
610 2 0 |a projektovanie 
100 1 |a Výrostová, Eva